000 00374nam a2200133Ia 4500
008 100328s9999 xx 000 0 und d
082 _b55034
100 _aक्षेत्रमाडे सुमति
245 _aशततारका
260 _bबांदोडकर
630 _aशततारका
730 _aशततारका
942 _cBOOK
999 _c541735
_d541732